000 00320nam a22001337a 4500
008 170814b xxu||||| |||| 00| 0 eng d
020 _a0132528754
041 _aeng
080 _22ND
_a51
100 _a36
101 _aMAT
245 _aELEMENTARY APPLIED PARTIAL DIFFERENTIAL EQUATIONS
_cHABERMAN,R
942 _2udc
_cBK
999 _c23384
_d23384